Logo Biblioteca

Frankenstein : (Registro nro. 974)

Detalles MARC
000 -LEADER
fixed length control field 01739nam a22003257a 4500
003 - CONTROL NUMBER IDENTIFIER
control field AR-RoUNCS
005 - DATE AND TIME OF LATEST TRANSACTION
control field 20260326094912.0
007 - PHYSICAL DESCRIPTION FIXED FIELD--GENERAL INFORMATION
fixed length control field ta
008 - FIXED-LENGTH DATA ELEMENTS--GENERAL INFORMATION
fixed length control field 130611s2004 ag gr 001 f spa
015 ## - NATIONAL BIBLIOGRAPHY NUMBER
National bibliography number AR-2004
020 ## - INTERNATIONAL STANDARD BOOK NUMBER
International Standard Book Number 978-987-383-5
040 ## - CATALOGING SOURCE
Original cataloging agency AR-BaBN
Language of cataloging spa
Transcribing agency AR-RoUNCS
Description conventions aacr
041 1# - LANGUAGE CODE
Language code of text/sound track or separate title spa
Language code of original eng
044 ## - COUNTRY OF PUBLISHING/PRODUCING ENTITY CODE
MARC country code ag
ISO country code ar-c
080 1# - UNIVERSAL DECIMAL CLASSIFICATION NUMBER
Universal Decimal Classification number 82-311.9(410)
Edition identifier 2016
100 1# - MAIN ENTRY--PERSONAL NAME
Personal name Shelley, Mary Wollstonecraft,
Dates associated with a name 1797-1851
Relator term autora
Relationship aut
245 10 - TITLE STATEMENT
Title Frankenstein :
Remainder of title versión completa /
Statement of responsibility, etc. Mary W. Shelley ; traducción y prólogo Antonio Tulián.
250 ## - EDITION STATEMENT
Edition statement 1a ed.
260 ## - PUBLICATION, DISTRIBUTION, ETC.
Place of publication, distribution, etc. Buenos Aires :
Name of publisher, distributor, etc. Longseller,
Date of publication, distribution, etc. ©2004.
300 ## - PHYSICAL DESCRIPTION
Extent 317 p. ;
Dimensions 18 cm.
490 0# - SERIES STATEMENT
Series statement Clásicos de Siempre. Relatos y Novelas
500 ## - GENERAL NOTE
General note Estudio preliminar: Frankenstein o El Prometeo moderno: las dos caras del "monstruo"/ Antonio Tulián.
520 3# - SUMMARY, ETC.
Summary, etc. Frankenstein narra la obsesión de un científico por crear vida a partir de la materia inerte. Manipulando cadáveres deambula entre el cementerio y la morgue y, luego de ciertos experimentos "eléctricos" no explicitados, crea "el monstruo" que paradójicamente nace inocente. El horror y el desprecio de los demás lo recluyen en la soledad, pero a medida que adquiere el lenguaje se hace humano. Aunque ya es tarde: despreciado por su padre comienza a exterminar, uno a uno, a todos los seres queridos que rodean a Víctor. Luego es éste quien corre detrás del monstruo para destruirlo y evitar nuevos males. (Notas del editor)
650 #7 - SUBJECT ADDED ENTRY--TOPICAL TERM
Source of heading or term embne
Topical term or geographic name entry element Literatura inglesa
655 #7 - INDEX TERM--GENRE/FORM
Genre/form data or focus term Novelas góticas
Source of term embne
655 #7 - INDEX TERM--GENRE/FORM
Genre/form data or focus term Novelas de ciencia ficción
Source of term embne
655 #7 - INDEX TERM--GENRE/FORM
Genre/form data or focus term Novelas de terror
Source of term embne
700 1# - ADDED ENTRY--PERSONAL NAME
Personal name Tulián, Antonio
Relator term traductor
Relationship trl
Relator term prologuista
Relationship aui
942 ## - ADDED ENTRY ELEMENTS (KOHA)
Source of classification or shelving scheme Universal Decimal Classification
Koha item type Obra General
Suppress in OPAC No
Existencias
Withdrawn status Lost status Source of classification or shelving scheme Damaged status Not for loan Collection Home library Current library Date acquired Source of acquisition Total checkouts Full call number Barcode Date last seen Price effective from Koha item type
    Universal Decimal Classification     Colección General Biblioteca Escuela de Ciencias Sociales Biblioteca Escuela de Ciencias Sociales 26/03/2026 Donación 2024   82-311.9(410) SH545 001201 26/03/2026 26/03/2026 Obra General
Biblioteca de la Escuela Preuniversitaria en Ciencias Sociales y Humanísticas.
Riobamba 250 bis.
CP 2000 - Rosario - Santa Fe
E-Mail: biblioteca@esociales.unr.edu.ar